000 01253cam a2200337 a 4500
001 3569957
003 OSt
005 20230621122259.0
008 980818s1998 ne b 001 0 eng
010 _a 98185196
020 _a9041196501 (acidfree paper)
040 _aDLC
_cDLC
_dDLC
043 _ae-uk---
_ae------
082 0 0 _a328.4
_bCYG
100 1 _aCygan, Adam Jan.
245 1 4 _aThe United Kingdom Parliament and European Union legislation /
_cAdam Jan Cygan.
260 _aThe Hague ;
_aBoston :
_bKluwer Law International,
_cc1998.
300 _axii, 253 p. ;
_c25 cm.
490 1 _aStudies in law ;
_vv. 2
500 _aAt head of title: Centre of European Law, King's College London.
504 _aIncludes bibliographical references (p. [241]-245) and index.
610 1 0 _aGreat Britain.
_bParliament.
610 2 0 _aEuropean Union
_zGreat Britain.
650 0 _aLegislation
_zGreat Britain.
650 0 _aLegislation
_zEuropean Union countries.
710 2 _aKing's College London.
_bCentre of European Law.
830 0 _aStudies in law (Kluwer Law International (Firm)) ;
_v2.
906 _a7
_bcbc
_corignew
_d2
_encip
_f19
_gy-gencatlg
942 _2ddc
_cBK
999 _c2161
_d2161